00402nam a2200145Ia 4500003000400000005001700004008004100021040000900062082001700071100002400088245007800112260004600190300000900236650001100245OSt20210818102019.0190216s9999||||xx |||||||||||||| ||und|| coclc a492.7bBAS/A aBasheer, K Mohammed 3aAn Anthology Of Prose And Commercial Correspondence /cK Mohammed Basheer bTirurangadi Book Stall, c2003.aCalicut: a112p aArabic